| 000 | 00661pam a2200205 a 4500 | ||
|---|---|---|---|
| 001 | 4833462 | ||
| 005 | 20250312112220.0 | ||
| 008 | 900802s1991 mnuaf b 001 0 eng | ||
| 020 | _a031478148X (hard) | ||
| 050 | 0 | 0 |
_aTS155 _b.V66 1991 |
| 082 | 0 | 0 |
_a658.5 _220 |
| 100 | 1 |
_aVonderembse, Mark A., _d1948- |
|
| 245 | 1 | 0 |
_aOperations management : _bconcepts, methods, and strategies / _cMark A. Vonderembse, Gregory P. White. |
| 250 | _a2nd ed. | ||
| 260 |
_aSt. Paul : _bWest, _cc1991. |
||
| 300 |
_axxvi, 857 p., [8] p. of plates : _bill. (some col.) ; _c27 cm. |
||
| 650 | 0 | _aProduction management. | |
| 700 | 1 |
_aWhite, Gregory P., _d1948- |
|
| 942 |
_2lcc _cBK _n0 |
||
| 999 |
_c4708 _d4708 |
||